00817 2200313 4500001002100000005001500021035002000036007000300056008004100059040001600100100002400116245006300140250001000203300003000213020002200243041000800265082001000273084001600283090002100299260003000320500002800350600001200378650001200390700002500402850001000427990002200437990002200459990002200481INLIS00000000000295620260529032533 a0010-1220000004ta260529 0  aSBUPADbind0 aLinda F. Adimidjaya1 aAyam dan bebek /cLinda F. Adimidjaya;editor, Milla Sudya acet.1 a58 hlm. :bilus. ;c20 cm a978-602-241-627-207aind a640.3 a640.3 LIN a a640.3 LIN a 20-6 aJakarta :bEsesnsi,c2013 aTentang Penulis hlm. 58 4akuliner 4aKuliner0 aeditor, Milla Sudya aPUPAD a26.567/b/DPK/2018 a26.308/H/DPK/2018 a26.309/H/DPK/2018